| 000 | 00767nam a22002297a 4500 | ||
|---|---|---|---|
| 999 |
_c12270 _d12270 |
||
| 003 | AR-CdUCM | ||
| 008 | 190408b ||||| |||| 00| 0 spa d | ||
| 020 | _a9789563324327 | ||
| 040 |
_aMUNICIPALIDAD PROVINCIAL DEL CUSCO _cBIBLIOTECA MUNICIPAL DEL CUSCO |
||
| 082 |
_aES / 498.515 / _bP13 |
||
| 100 |
_aPacheco C, Alipio _930036 |
||
| 245 |
_aLengua y cultura quechuas : _bAutopreparación II / |
||
| 260 |
_aSantiago : _bEdiciones Madriga, _c2010. |
||
| 300 |
_a128 paginas ; _bIlustraciones, Graficos, Dibujos, _c21 cm. |
||
| 500 | _aTexto educativo en ingles | ||
| 650 |
_aTexto educativo _925832 |
||
| 650 |
_aEducación _9460 |
||
| 650 |
_aLiteratura _983 |
||
| 700 |
_aPacheco Campos, Jeannette _930037 |
||
| 942 |
_2ddc _cLIBROS |
||
| 945 |
_apjha _d2019-04-08 |
||